Prefix Click Quiz: O - Statistics

General Stats
  • This quiz has been taken 150 times
  • The average score is 10 of 15
Answer Stats
Hint Answer % Correct
Fragrance Odor-
91%
Circle Orb-
83%
Eye Ocul-
81%
All Omni-
80%
Bird Ornith-
80%
Bone Oste-
77%
Work Oper-
68%
Sheep Ovi-
65%
Order Ordin-
64%
Rice Oryz-
64%
Few Olig-
50%
Wine Oen-
48%
Egg Oo-
47%
Rain Ombr-
44%
Snake Ophi-
41%
No matching quizzes found
Score Distribution
Percent of People with Each Score
Percentile by Number Answered
Your Score History
You have not taken this quiz